Molecular and culture-based analyses of aerobic carbon monoxide oxidizer diversity /
Bewaard in:
| Hoofdauteur: | |
|---|---|
| Formaat: | Artikel |
| Taal: | English |
| Onderwerpen: | |
| Tags: |
Voeg label toe
Geen labels, Wees de eerste die dit record labelt!
|
| Thư viện lưu trữ: | Thư viện Trường Đại học Đà Lạt |
|---|
| LEADER | 00842nam a2200289 4500 | ||
|---|---|---|---|
| 001 | DLU090092938 | ||
| 005 | ##20091201 | ||
| 040 | # | # | |a DLU |b eng |
| 041 | # | # | |a eng |
| 044 | # | # | |a us |
| 100 | # | # | |a King, Gary M. |
| 245 | # | # | |a Molecular and culture-based analyses of aerobic carbon monoxide oxidizer diversity / |c Gary M. King. |
| 653 | # | # | |a Aerobe |
| 653 | # | # | |a Bacteria |
| 653 | # | # | |a Biodiversity |
| 653 | # | # | |a Carbon monoxide |
| 653 | # | # | |a Oxidation |
| 773 | # | # | |t Applied and Environmental Microbiology |g Vol. 69, no. 12 (December 2003), p. 7257-7265 |
| 920 | # | # | |a Phòng Tạp chí -- Trung tâm Thông tin - Thư viện Trường Đại học Đà Lạt |
| 994 | # | # | |a DLU |
| 900 | # | # | |a True |
| 911 | # | # | |a Trương Bảo Trâm Anh |
| 925 | # | # | |a G |
| 926 | # | # | |a A |
| 927 | # | # | |a BB |
| 980 | # | # | |a Thư viện Trường Đại học Đà Lạt |